| 000 | 00537nam a2200121Ia 4500 | ||
|---|---|---|---|
| 008 | 220216s9999 xx 000 0 und d | ||
| 100 | _aThomas K.K. | ||
| 245 | 0 | _aGeneration, transfer and utilization of information on natural rubber: A functional model | |
| 260 |
_bPlacrosym XV, 2002, Mysore, India. (Eds. K.Sreedharan, P.K. Vinod Kumar, Jayarama and Basavaraja M. Chaluki). Central Coffee Research Institute, Karnataka, India, pp. 738-751. _c2002 |
||
| 650 | _aCommunication model | ||
| 650 | _aInformation dissemination | ||
| 942 | _cBS | ||
| 999 |
_c52955 _d52955 |
||